| 000 | 00488aam a2200193 4500 | ||
|---|---|---|---|
| 005 | 20160907104258.0 | ||
| 008 | 150821b xxu||||| |||| 00| 0 spa d | ||
| 041 | _aES | ||
| 082 |
_a621.319.13 _bR554p |
||
| 100 |
_aRieger, Heinz _910587 |
||
| 245 | _aPotencia y trabajo de la corriente alterna | ||
| 260 | _aEspaña | ||
| 260 | _bMarcombo-Siemens | ||
| 260 | _c1989 | ||
| 300 | _a68 páginas | ||
| 500 | _aENSEÑANZA PROGRAMADA 30 | ||
| 650 |
_aCORRIENTE ALTERNA _91967 |
||
| 942 | _cBK | ||
| 999 |
_c617 _d617 |
||